000 00587nam a2200193Ia 4500
001 10910
003 GE_BSU
008 181216s||||||||xx |||||||||||||| ||und||
040 _cGE_BSU
245 _aЭнциклопедический словарь
245 _bТ.3-:Банки-Бергерь.
260 _aС.-Петербургь
260 _bТиро-Литография
260 _c1892.
300 _a480стр,илл,24см.
520 _aИзд: Ф.А.Брокгаузь,И.А.Ефронь.
653 _aЭнциклопедический словарь
942 _cBK
999 _c44152
_d44152